The money crash has begun! / (Record no. 6552)

MARC details
000 -LEADER
fixed length control field 00521nam a22001817a 4500
003 - CONTROL NUMBER IDENTIFIER
control field GBCCL
005 - DATE AND TIME OF LATEST TRANSACTION
control field 20241126110605.0
008 - FIXED-LENGTH DATA ELEMENTS--GENERAL INFORMATION
fixed length control field 180518b ||||| |||| 00| 0 eng d
040 ## - CATALOGING SOURCE
Transcribing agency gbc
082 ## - DEWEY DECIMAL CLASSIFICATION NUMBER
Classification number 236
Item number STA
100 ## - MAIN ENTRY--PERSONAL NAME
Personal name Stanton, Don E.
9 (RLIN) 7192
245 ## - TITLE STATEMENT
Title The money crash has begun! /
Statement of responsibility, etc. Don E. Stanton
260 ## - PUBLICATION, DISTRIBUTION, ETC.
Place of publication, distribution, etc. Secunderabad:
Name of publisher, distributor, etc. Claffind Publications Association,
Date of publication, distribution, etc. 1982
300 ## - PHYSICAL DESCRIPTION
Extent 128 p.;
Other physical details ill.,
Dimensions 17 cm.
650 ## - SUBJECT ADDED ENTRY--TOPICAL TERM
Topical term or geographic name entry element Maranatha Revival Crusade
9 (RLIN) 11727
650 ## - SUBJECT ADDED ENTRY--TOPICAL TERM
Topical term or geographic name entry element Theology, Doctrinal
9 (RLIN) 14
942 ## - ADDED ENTRY ELEMENTS (KOHA)
Source of classification or shelving scheme Dewey Decimal Classification
Koha item type Books
Holdings
Withdrawn status Lost status Source of classification or shelving scheme Damaged status Not for loan Home library Current Library Shelving location Date acquired Total checkouts Full call number Barcode Date last seen Copy number Price effective from Koha item type
    Dewey Decimal Classification     GRACE BIBLE COLLEGE GRACE BIBLE COLLEGE Theology 2018-05-18   236 STA 009567 2025-05-01 c.1 2018-05-18 Books
© Grace Bible College Library 2025